| 000 | 01218nam a2200337 a 4500 | ||
|---|---|---|---|
| 001 | 000109716 | ||
| 003 | CHAP | ||
| 005 | 20220329144101.0 | ||
| 008 | 140521s2014 mx sm |||||||spa d | ||
| 010 | _a106178 | ||
| 011 | _a107150 | ||
| 040 | _cCHAP | ||
| 090 | _aTesis | ||
| 100 | 1 |
_aPérez Lainez, María Dolores _989770 |
|
| 245 | 1 | 0 |
_aPerfil fitoquímico del aceite essencial del fruto de tejocote mexicano (Crataegus spp.) _h[En línea] _cpor María Dolores Pérez Lainez. |
| 260 |
_aChapingo, Méx. : _bEl autor, _c2014. |
||
| 500 | _aPara ver el contenido del material haga clic en la liga | ||
| 502 | _aTesis (MC. en Biotecnología Agrícola) -- UACH. Departamento de Fitotecnia | ||
| 590 |
_aBATCH-UPD _b05 _c20140521 _lUCH01 _h1151 |
||
| 590 |
_aBATCH-UPD _b05 _c20141002 _lUCH01 _h0904 |
||
| 590 |
_aE11695DGD _b10 _c20141013 _lUCH01 _h1137 |
||
| 590 |
_aE5765TAJ _b05 _c20140521 _lUCH01 _h1150 |
||
| 590 |
_aE5765TAJ _b05 _c20140521 _lUCH01 _h1150 |
||
| 650 | 1 | 4 |
_aAceite de tejocote. _9126984 |
| 650 | 1 | 4 |
_aAceites esenciales. _9455 |
| 650 | 1 | 4 |
_aQuímica vegetal. _993602 |
| 856 |
_aFinding aid _uhttp://10.13.5.2/tesis/sist109716.pdf _zTeclea aquí |
||
| 901 | _aBK | ||
| 942 | _cTESIS | ||
| 942 | _n0 | ||
| 999 |
_c106178 _d106178 |
||